Arthabigyanar multattva (Record no. 1440)

MARC details
000 -LEADER
fixed length control field 00462cam a2200181ua 4500
001 - CONTROL NUMBER
control field 1553
005 - DATE AND TIME OF LATEST TRANSACTION
control field 20260515113341.0
008 - FIXED-LENGTH DATA ELEMENTS--GENERAL INFORMATION
fixed length control field 110712n ii |||gr||||Z||||||eng
040 ## - CATALOGING SOURCE
Transcribing agency MAIN
082 ## - DEWEY DECIMAL CLASSIFICATION NUMBER
Classification number 330.01
100 1# - MAIN ENTRY--PERSONAL NAME
Personal name Goswami, Atul,
Relator term Author.
245 1# - TITLE STATEMENT
Title Arthabigyanar multattva
Statement of responsibility, etc. by Atul Goswami
260 ## - PUBLICATION, DISTRIBUTION, ETC.
Place of publication, distribution, etc. Dibrugarh:
Name of publisher, distributor, etc. Students emporium,985.
300 ## - PHYSICAL DESCRIPTION
Extent 363p:
Other physical details ill;
Dimensions 23cm.
653 ## - INDEX TERM--UNCONTROLLED
Uncontrolled term economics
653 ## - INDEX TERM--UNCONTROLLED
Uncontrolled term principles of economics
942 ## - ADDED ENTRY ELEMENTS (KOHA)
Koha item type Books
Holdings
Withdrawn status Lost status Damaged status Not for loan Home library Current library Shelving location Date acquired Total checkouts Full call number Barcode Date last seen Copy number Price effective from Koha item type
        Naharkatiya College Library Naharkatiya College Library General stacks 09/19/2020   330.01 | GOS 2167 09/19/2020 1 09/19/2020 Books